Gaming Quiz

Random Gaming or Board Games Quiz
Score 0/8 Timer 02:00
2 Plays Today
% Correct
Knight
94.7%
Queen, Rook
92.1%
Queen, Bishop
91.4%
No Legal Move
90.8%
King, Queen, Rook
87.7%
King, Queen, Rook, Pawn
86%
King, Queen, Bishop, Pawn
74.1%
King, Queen, Bishop
70.5%
Remove Ads.
Support Sporcle.
Get the best of Sporcle when you Go Orange. This ad-free experience offers more features, more stats, and more fun while also helping to support Sporcle. Thank you for becoming a member.

You're not logged in!

Compare scores with friends on all Sporcle quizzes.
OR
Log In

Show Comments

Extras

Top Quizzes Today


Score Distribution

Your Account Isn't Verified!

In order to create a playlist on Sporcle, you need to verify the email address you used during registration. Go to your Sporcle Settings to finish the process.

Report this User

Report this user for behavior that violates our Community Guidelines.

Details: